LEADER 01125nam a2200253 i 4500 001 991000537609707536 008 100108s2009 enk b 001 0 eng 020 $a9780754663607 035 $ab1387228x-39ule_inst 040 $aDip.to Filologia Class. e Scienze Filosofiche$bita 082 00$a341.2306 100 1 $aJohnstone, Andrew E.$0472413 245 10$aDilemmas of internationalism :$bthe American Association for the United Nations and US foreign policy, 1941-1948 /$cAndrew Johnstone 260 $aFarnham, England ;$aBurlington, VT :$bAshgate Pub.,$cc2009 300 $a201 p. ;$c24 cm 504 $aBibliografia: p. [187]-194. Indice 610 24$aAmerican Association for the United Nations$xStoria 651 4$aStati Uniti d'America$xPolitica estera$y1933-1953 907 $a.b1387228x$b18-01-10$c18-01-10 912 $a991000537609707536 945 $aLE007 Sc. Pol. 327 JOH 01.01 $g1$i2007000192337$lle007$nLE007 2009 Donno$op$pE104.00$q-$rl$s- $t0$u0$v0$w0$x0$y.i15058955$z18-01-10 996 $aDilemmas of internationalism$9230187 997 $aUNISALENTO 998 $ale007$b18-01-10$cm$da $e-$feng$genk$h0$i0